West China - Biggest Cities - Statistics

General Stats
  • This quiz has been taken 54 times
  • The average score is 11 of 28
Answer Stats
Province City % Correct
Tibet Lhasa
97%
Xinjiang Ürümqi
94%
Sichuan Chengdu
91%
Chongqing Chongqing
91%
Shaanxi Xi'an
84%
Yunnan Kunming
72%
Gansu Lanzhou
72%
Qinghai Xining
56%
Ningxia Yinchuan
56%
Guizhou Guiyang
53%
Xinjiang Kashgar
41%
Shaanxi Baoji
38%
Sichuan Mianyang
38%
Sichuan Panzhihua
34%
Sichuan Nanchong
31%
Yunnan Lijiang
28%
Guizhou Zunyi
25%
Shaanxi Xianyang
22%
Gansu Wuwei
19%
Gansu Tianshui
16%
Sichuan Zigong
16%
Xinjiang Aksu
13%
Xinjiang Karamay
13%
Yunnan Qujing
13%
Sichuan Yibin
13%
Xinjiang Altay
9%
Sichuan Neijiang
9%
Sichuan Bazhong
6%
No matching quizzes found
Score Distribution
Percent of People with Each Score
Percentile by Number Answered
Your Score History
You have not taken this quiz